| LEADER 00000nam 2200000uu 4500 |
| 001 54113 |
| 003 ULIBM |
| 008 230525s||||||||th 000 0 tha d |
| 020 ^a9786160438563
|
| 082 0 ^a919.4^bซ - ค 2560
|
| 100 0 ^aซง,โดซู
|
| 245 00 ^aคุกกี้รัน เล่ม 13 ผจญภัยในซิดนีย์/^cซง โดซู
|
| 246 00 ^aผจญภัยในซิดนีย์
|
| 250 ^aพิมพ์ครั้งที่ 1
|
| 260 ^aกรุงเทพฯ:^bนานมีบุ๊คส์,^c2560
|
| 300 ^a168 หน้า:^bภาพประกอบ 148 บาท
|
| 541 ^a148 บาท
|
| 650 0 ^a
|
| 651 0 ^aออสเตรเลีย^xภูมิประเทศและการ
|
| 651 0 ^aซิดนีย์^xความเป็นอยู่และประเทศท่องเที่ยว
|
| 651 0 ^aซิดนีย์^xภูมิประเทสและการท่องเที่ยว
|
| 700 0 ^aนริศร์ จิตปัญโญยศ,^eผู้แปล
|
| 999 ^ananthaya
|